000 00471nam a2200169Ia 4500
008 151021s9999 xx 000 0 und d
020 _a9.7800729804e+011
050 _aHN 18.N47 2007
245 _a_social problems a critical approach
250 _a5th ed.
260 _aU S A Mcgraw hill 2007
300 _axv,686p.ill 22cm
500 _aincludes index
650 _a_social problems
700 _a_Mary Alice Neubeck
980 _a^d20101209 03:33:49^okorir
999 _c5360
_d5360